000 00576nam a2200193Ia 4500
999 _c37449
_d37449
003 OSt
005 20200923142355.0
008 190216s9999||||xx |||||||||||||| ||und||
020 _a9788129702654
040 _coclc
082 _a576
_bCAP/M
100 _aCappuccino, James G
_94890
245 0 _aMicrobiology : A Laboratory Manual /
_cJames G Cappuccino ; Natalie Sherman
250 _a6th Ed.
260 _bPearson Education International,
_c2004.
_aNew Delhi:
300 _a491p
650 _aZoology
942 _cBK
_2ddc
_h576
_iCAP/M
_k576
_mCAP/M